[Event "Copel Telecom SESC Open"]
[Site "Caioba BRA"]
[Date "2018.08.04"]
[Round "8.6"]
[White "Rodriques, E."]
[Black "Supi, L."]
[Result "1-0"]
[WhiteElo "2301"]
[BlackElo "2565"]
[PlyCount "99"]
[EventDate "2018.08.01"]
[EventType "swiss"]
[EventRounds "9"]
[EventCountry "BRA"]
[SourceTitle "The Week in Chess 1240"]
[Source "Mark Crowther"]
[SourceDate "2018.08.13"]
[SourceVersion "1"]
[SourceVersionDate "2018.08.13"]
[SourceQuality "2"]

1. e4 c5 2. Nf3 e6 3. d4 cxd4 4. Nxd4 a6 5. Nc3 b5 6. Bd3 Qb6 7. Nb3 Qc7 8. Qf3
Nc6 9. Bf4 d6 10. O-O Ne5 11. Qg3 Nf6 12. Bd2 Bb7 13. Rae1 Be7 14. f4 Nxd3 15.
cxd3 b4 16. Ne2 O-O 17. Rc1 Qb6+ 18. Be3 Qd8 19. Ned4 Nd7 20. f5 e5 21. Bh6 Bf6
22. Bxg7 Bxg7 23. f6 Nxf6 24. Nf5 Nh5 25. Qg4 Bc8 26. Nh6+ Kh8 27. Qxh5 Bxh6
28. Qxh6 Be6 29. d4 f6 30. d5 Bd7 31. Rf3 Bb5 32. Rc2 Ra7 33. Rcf2 Raf7 34. h3
a5 35. Na1 Bd7 36. Nc2 Qb6 37. g4 Qc5 38. Ne3 Qc1+ 39. Kg2 Qb1 40. Rxf6 Qxe4+
41. Kg3 Rxf6 42. Rxf6 Qxe3+ 43. Qxe3 Rxf6 44. Qa7 Ba4 45. Qxa5 Bd1 46. Qxb4 Kg7
47. a4 Rf3+ 48. Kh4 Rf6 49. a5 Be2 50. Qb7+ 1-0

[Event "Copel Telecom SESC Open"]
[Site "Caioba BRA"]
[Date "2018.08.01"]
[Round "1.2"]
[White "Boabaid, Jorge Alberto Duard"]
[Black "Supi, L."]
[Result "0-1"]
[WhiteElo "1819"]
[BlackElo "2565"]
[PlyCount "60"]
[EventDate "2018.08.01"]
[EventType "swiss"]
[EventRounds "9"]
[EventCountry "BRA"]
[SourceTitle "The Week in Chess 1239"]
[Source "Mark Crowther"]
[SourceDate "2018.08.06"]
[SourceVersion "1"]
[SourceVersionDate "2018.08.06"]
[SourceQuality "2"]

1. e4 c5 2. Nf3 e6 3. d4 cxd4 4. Nxd4 a6 5. Nc3 Qc7 6. f4 b5 7. Bd3 Bb7 8. Be3
Nc6 9. Nxc6 Qxc6 10. Ne2 Nf6 11. Ng3 h5 12. h4 Bc5 13. Qe2 Ng4 14. Bxc5 Qxc5
15. f5 g6 16. Rf1 Qe5 17. Qf3 Qxb2 18. Ke2 gxf5 19. Qf4 Qe5 20. Qxe5 Nxe5 21.
exf5 Bxg2 22. Rf2 Bc6 23. fxe6 fxe6 24. Be4 d5 25. Bd3 Ke7 26. Raf1 Rag8 27.
Nh1 Rg4 28. Rf4 Rhg8 29. Ke3 Rxf4 30. Rxf4 d4+ 0-1

[Event "Copel Telecom SESC Open"]
[Site "Caioba BRA"]
[Date "2018.08.01"]
[Round "2.2"]
[White "Supi, L."]
[Black "Luz, Arthur Nader"]
[Result "1-0"]
[WhiteElo "2565"]
[BlackElo "2140"]
[PlyCount "79"]
[EventDate "2018.08.01"]
[EventType "swiss"]
[EventRounds "9"]
[EventCountry "BRA"]
[SourceTitle "The Week in Chess 1239"]
[Source "Mark Crowther"]
[SourceDate "2018.08.06"]
[SourceVersion "1"]
[SourceVersionDate "2018.08.06"]
[SourceQuality "2"]

1. c4 Nf6 2. g3 g6 3. Bg2 Bg7 4. Nc3 O-O 5. e4 d6 6. Nge2 e5 7. O-O Nc6 8. d3
a6 9. h3 Be6 10. Be3 Rb8 11. Qd2 Qd7 12. Kh2 b5 13. Nd5 Ne8 14. b3 Nd4 15. Nxd4
exd4 16. Bh6 c5 17. Bxg7 Kxg7 18. Nf4 Nf6 19. Ne2 Ng8 20. g4 Ne7 21. Ng3 f6 22.
f4 Bf7 23. Rae1 Rbe8 24. Rf2 Nc6 25. Ref1 Bg8 26. Qd1 Be6 27. Qd2 Bg8 28. Bf3
Be6 29. Bd1 Qc8 30. f5 gxf5 31. Nh5+ Kh8 32. gxf5 Bg8 33. Qh6 Qc7 34. Nxf6 Rd8
35. Rg1 Qe7 36. Nh5 Rf7 37. f6 Qe5+ 38. Kh1 Rdf8 39. Rf5 Qe6 40. Qg7+ 1-0